000 00571naa a22001817i 4500
001 190877
003 ES-MaBCM
005 20230501191240.0
008 120705t2011 sp ||||| |||| 00| 0 spa d
035 _a(OCoLC)1374262781
040 _cES-MaBCM
100 _aPelayo Lavín, Marta
_9115582
245 _aEl derecho a la defensa en el juicio de faltas
_cMarta Pelayo Lavín
650 7 _aJuicio de faltas
_959122
651 4 _aEspaña
_9115342
773 0 _aEn
_dBarcelona
_gn. 1-2 (2011), p.125-129
_tJusticia : revista de derecho procesal
_w104456
942 _2udc
_cAREV
999 _c190877
_d190877